| 000 | 00735nam a2200181Ia 4500 | ||
|---|---|---|---|
| 008 | 100920s9999 xx 000 0 und d | ||
| 082 |
_b73685 _a891.43 थ 96 |
||
| 100 | _aअग्रवाल विजय. | ||
| 245 | _aहिन्दी भाषा अतीत से आज तक. | ||
| 260 |
_bदिवि पब्लिशर्स एण्ड डिस्ट्रीब्यूटर्स, दिल्ली. _c1996 |
||
| 300 |
_a165 _bसाधी |
||
| 365 | _b125 | ||
| 520 | _aहिंदी. | ||
| 630 | _aहिन्दी भाषा अतीत से आज तक. | ||
| 650 | _aहिंदी. | ||
| 730 | _aहिन्दी भाषा अतीत से आज तक. | ||
| 942 | _cBOOK | ||
| 999 |
_c715337 _d715334 |
||